| 000 | 00345nam a22001097a 4500 | ||
|---|---|---|---|
| 999 |
_c533372 _d533372 |
||
| 022 | _a2663-0796 E-2663-080X | ||
| 110 |
_aUniversity Institute of Physical Therapy. _927212 |
||
| 245 |
_aPakistan Journal of Physical Therapy / _cFaculty of Allied Health Sciences. |
||
| 260 |
_aLahore : _bThe University of Lahore, |
||
| 300 | _c30 cm. | ||
| 942 | _cCR | ||